[Event "Marienbad GM-II 2022"]
[Site "Marianske Lazne"]
[Date "2022.01.15"]
[Round "1.7"]
[White "Finek, Vaclav"]
[Black "Kusa, Jakub"]
[Result "1/2-1/2"]
[WhiteElo "2423"]
[BlackElo "2312"]
[Annotator "TA"]
[PlyCount "83"]
[EventDate "2022.01.15"]
[EventType "tourn"]
[EventCountry "CZE"]
[SourceTitle "playchess.com"]
[Source "ChessBase"]
[SourceQuality "1"]

{[%evp 10,83,14,13,16,8,6,0,16,18,32,18,43,31,18,24,26,25,28,7,35,18,12,11,8,0,0,0,0,0,31,27,35,24,22,22,21,21,32,12,22,3,0,0,4,0,3,0,0,0,0,0,0,0,0,0,0,0,0,0,0,0,0,0,0,0,0,0,0,0,0,0,0,0,0,0]} 1. d4 Nf6 2. c4 e6 3. Nf3 d5 4. g3 dxc4 5. Qa4+ Bd7 6. Qxc4 c5 {E01: Catalan: Early deviations.} 7. dxc5 {is the new trend.} Nc6 8. Nc3 {[#]} Rc8 $146 ({Predecessor:} 8... Qa5 9. Qb5 Bxc5 10. Qxa5 Nxa5 11. Ne5 Bd4 12. Nxd7 Bxc3+ 13. bxc3 Nxd7 14. Rb1 Rc8 {0-1 (54) Sigurdarson,E (1935)-Thorarensen,A (1686) Reykjavik 2019}) 9. Bg2 Qa5 10. O-O Qxc5 11. Qd3 Be7 12. Bg5 Rd8 13. Bxf6 gxf6 14. Rac1 O-O 15. Qb1 Qa5 16. Rfd1 Bc8 17. e3 Rxd1+ 18. Rxd1 Rd8 19. Nd4 Bd7 20. Nxc6 bxc6 21. Qc2 Be8 22. Rxd8 Qxd8 23. b3 c5 24. h4 f5 {The position is equal.} 25. Nb1 Qa5 26. Nd2 Bb5 27. Kh2 Qa6 28. a4 Bd3 29. Qc3 Be2 30. Bf3 Qd3 31. Qb2 Bf6 32. Qxf6 Qxd2 33. Bxe2 Qxe2 $11 {[%mdl 4096] Endgame KQ-KQ} 34. Kg2 Qd1 35. Qc3 Qd5+ 36. Kh2 Qf3 37. Qc2 Qd5 38. Kg1 Kg7 39. Qc3+ Kg8 40. Qc2 Kg7 41. Qc3+ Kg8 42. Qc2 {Weighted Error Value: White=0.04 (flawless) /Black=0.04 (flawless)} 1/2-1/2

[Event "Marienbad GM-II 2022"]
[Site "Marianske Lazne"]
[Date "2022.01.15"]
[Round "1.9"]
[White "Sorm, Daniel"]
[Black "Malinovsky, Karel"]
[Result "1/2-1/2"]
[WhiteElo "2348"]
[BlackElo "2471"]
[Annotator "TA"]
[PlyCount "47"]
[EventDate "2022.01.15"]
[EventType "tourn"]
[EventCountry "CZE"]
[SourceTitle "playchess.com"]
[Source "ChessBase"]
[SourceQuality "1"]

{[%evp 13,47,-9,0,0,0,0,0,0,5,-4,2,0,18,0,0,0,0,0,6,16,12,13,12,17,12,4,17,0,0,0,0,0,18,23,36,23]} 1. c4 e6 2. d4 d5 3. Nc3 Be7 4. e3 Nf6 5. cxd5 exd5 6. Bd3 O-O 7. Nge2 b6 8. O-O {D35: Queen's Gambit Declined: Exchange Variation.} Ba6 9. Bxa6 Nxa6 {[#]} 10. Qa4 $146 {The position is equal.} ({Predecessor:} 10. a3 c5 11. b3 Nb8 12. Nf4 Nc6 13. dxc5 d4 14. exd4 bxc5 15. dxc5 Bxc5 16. Bb2 {½-½ (57) Kumle,L-Schumacher,M Luzern 1982}) 10... Qc8 11. Nf4 Rd8 12. Rd1 c5 13. dxc5 Nxc5 14. Qb5 {[%cal Rf4d5]} Qb7 15. Qe2 Ne6 16. Nxe6 fxe6 17. b3 a6 18. Bb2 Rac8 19. Rac1 b5 20. Nb1 Rxc1 21. Rxc1 Rc8 22. Qd1 Rc6 23. Nd2 Qc7 24. Rxc6 {A rather calm draw.  Weighted Error Value: White=0.03 (flawless) /Black=0.05 (flawless)} 1/2-1/2

[Event "Marienbad GM-II 2022"]
[Site "Marianske Lazne"]
[Date "2022.01.15"]
[Round "1.10"]
[White "Stefansson, Hannes"]
[Black "Rasik, Vitezslav"]
[Result "1-0"]
[WhiteElo "2518"]
[BlackElo "2424"]
[Annotator "TA"]
[PlyCount "111"]
[EventDate "2022.01.15"]
[EventType "tourn"]
[EventCountry "CZE"]
[SourceTitle "playchess.com"]
[Source "ChessBase"]
[SourceQuality "1"]

{[%evp 19,111,48,34,26,40,1,18,26,129,147,129,131,217,222,199,193,187,190,187,120,369,362,424,326,320,138,460,376,340,235,218,0,141,105,121,135,129,85,64,82,117,102,230,168,534,504,821,797,810,805,754,742,881,873,782,325,309,324,330,297,656,545,607,157,153,160,155,133,135,47,59,0,8,0,77,69,120,111,418,408,450,428,415,412,315,85,29981,1608,1189,1147,2571,1121,5306,5297]} 1. e4 d6 2. d4 g6 3. Nc3 Bg7 4. Be3 Nf6 5. Qd2 O-O 6. f3 c6 7. Bh6 e5 8. Bxg7 Kxg7 9. O-O-O Nbd7 10. h4 h5 11. Nh3 {B07: Pirc Defence: Miscellaneous Systems.} b5 12. Ng5 Qa5 {[#]} 13. Kb1 $146 {[%cal Og2g4] The position is equal.} ({Predecessor:} 13. Be2 b4 14. Nb1 Rb8 15. a3 Ba6 16. axb4 Qb6 17. Bxa6 Qxa6 18. Qc3 Rb6 19. dxe5 dxe5 {1-0 (32) Kritz,L (2423)-Strauss,J (2110) Biel 2001}) 13... b4 (13... Qc7 $11) 14. Ne2 $1 $16 {[%cal Og2g4]} Ba6 15. g4 Rh8 (15... Bc4 $16 16. b3 Bxe2 17. Bxe2 Rad8) 16. gxh5 Nxh5 17. dxe5 Bxe2 18. Bxe2 {Chess con chili.} (18. Qxe2 Ng3 19. Qg2 Nxh1 20. Nxf7 Kxf7 $11) 18... Qxe5 19. f4 (19. Qxd6 Qxd6 20. Rxd6 Ne5 $11) (19. Qxb4 Ng3 20. Qxd6 (20. Rxd6 Rab8 $17) 20... Rab8 21. Qxe5+ Nxe5 $14) (19. Bc4 $1 $18 Rhf8 20. f4 (20. Qxb4 Rab8 $16) (20. Qxd6 Qxd6 21. Rxd6 Ne5 $11) 20... Qxf4 21. Qxb4 (21. Qxd6 Qxd6 22. Rxd6 Ne5 $15)) 19... Nxf4 $2 (19... Qxf4 $16 {might work better.} 20. Rhf1 (20. Qxd6 Qxd6 21. Rxd6 Ne5 $15) (20. Qxb4 Ng3 $14) 20... Qxd2 21. Rxf7+ (21. Rxd2 Ne5 $17) 21... Kg8 22. Rxd2 Ne5) 20. Rhf1 $18 f6 21. Nf3 {[%cal Bg5f3,Bf3d4,Bd4c6][%mdl 32]} (21. Rxf4 fxg5 22. hxg5 Nc5 $14) 21... Qxe4 22. Qxd6 (22. Rde1 $1 $18 Nd5 23. Bd3 (23. Bb5 Qf4 $16)) 22... Nf8 $2 {[%mdl 8192] [#]} (22... Qxe2 $2 23. Qxd7+ Kh6 24. Nd4 $18 (24. Qxc6 Qe6 $16)) (22... Nb6 $16) 23. Nd4 $1 Rxh4 24. Bc4 Re8 25. Qxb4 $2 (25. b3 $1 $18) 25... Qe7 (25... Ng2 $1 $11 {remains equal.}) 26. Qd2 {White is more active.} (26. Nxc6 Qxb4 27. Nxb4 Ng2 $17) (26. Qxe7+ $6 Rxe7 27. Nxc6 Rc7 $11) 26... N4e6 {[#]} 27. Nxc6 Qc5 (27... Qc7 28. Qc3) 28. Bxe6 (28. Bd5 $142) 28... Rxe6 $16 29. Nd4 $36 {[%mdl 2048] White has strong initiative.} Rb6 30. Qf2 Qh5 (30... Rh5 $16) 31. Rde1 Rh2 $2 (31... Kg8 32. b3 Rg4) 32. Qg3 $18 Qh3 (32... Kg8 $142 33. Qc7 Qd5) 33. Qc7+ Kg8 34. Qc4+ (34. Nf3 Re2 35. Rd1 (35. Qxa7 Rxe1+ 36. Rxe1 Re6 $16) 35... Qg2 $16) 34... Kg7 35. Nf3 (35. Re8 Rh1 36. Rfe1 (36. Rc1 Rxc1+ 37. Kxc1 Qh6+ 38. Kd1 Qh5+ 39. Ke1 Qh4+ 40. Kf1 Qf4+ 41. Kg2 Rxb2 $11) 36... Qh4 37. R8e7+ Kh8 $14) 35... Rg2 36. Re7+ Kh6 {[#]} 37. a4 (37. Ne5 $142 $1 {[%mdl 512] Black must now prevent Qg8.} fxe5 38. Qf7) 37... Rg4 38. Qe2 g5 39. a5 (39. Rxa7 $6 Rf4 $16) 39... Re6 (39... Rd6 40. Rf7 (40. Rxa7 Re4 $16) 40... Ng6) 40. Rxe6 Nxe6 {[#]} 41. Ng1 $2 (41. Qd1 $1 $18 {and the rest is easy.}) 41... Nf4 $16 {Hoping for ...Rxg1.} 42. Qa6 ({Resist} 42. Nxh3 Nxe2 43. Rxf6+ Kh5 $16) 42... Qg2 43. Qxf6+ Ng6 44. Re1 (44. b3 $16) 44... Rf4 45. Qa6 ({White should play} 45. Qc3 $1 $14) 45... Qf2 46. Rd1 {Threatens to win with Ne2.} Rf6 (46... Re4 $1 $11 47. Qd3 Re1) 47. Qc4 Rf4 (47... Qf4 $1 $14 48. Qd3 Qf5) 48. Qd3 {Strongly threatening Nh3.} Rh4 {[%mdl 8192]} (48... Qg2 $16 {is a better chance.}) 49. Ne2 $18 Rg4 50. Qh3+ Rh4 51. Qe6 Qf3 52. Rd8 $2 (52. Rd6 $18 {[%csl Gd6][%cal Re6g6] is more deadly.} Qe4 {[#]} 53. Qf6 $1 Rh1+ 54. Nc1) 52... Kh5 {[%mdl 8192]} (52... Qe4 $16 53. Qf6 (53. Rh8+ Kg7 $14) 53... Rh1+ 54. Nc1 Kh5) 53. Rd7 (53. Rg8 $142 Qh1+ 54. Ka2 Ra4+ 55. Kb3 Kh4 56. Kxa4 Qh3 57. Qe4+ Qg4 58. Qxg4+ Kxg4 59. Rxg6) 53... Nf8 {White is clearly winning.} 54. Qe8+ Ng6 55. Rd6 (55. Rh7+ $142 Kg4 56. Qa4+ Nf4 57. Qd7+ Ne6 58. Qxe6+ Qf5 59. Qc4+ Kh3 60. Qc3+ Kg2 61. Qg3+ Kf1 62. Re7) 55... Rh1+ 56. Ka2 {Weighted Error Value: White=0.57/Black=0.78} 1-0

[Event "Marienbad GM-II 2022"]
[Site "Marianske Lazne"]
[Date "2022.01.16"]
[Round "2.6"]
[White "Lalith Babu M R"]
[Black "Rasik, Vitezslav"]
[Result "1/2-1/2"]
[WhiteElo "2553"]
[BlackElo "2424"]
[Annotator "TA"]
[PlyCount "74"]
[EventDate "2022.01.15"]
[EventType "tourn"]
[EventCountry "CZE"]
[SourceTitle "playchess.com"]
[Source "ChessBase"]
[SourceQuality "1"]

{[%evp 17,74,33,20,15,28,20,37,57,46,56,60,0,8,-31,-48,-42,0,-7,0,0,0,0,0,0,0,0,0,13,52,-34,-4,-35,0,-11,31,-15,-20,-35,0,0,12,-44,-59,-54,-54,-142,0,-20,-20,-19,-22,-15,-17,-4,-8,-70,-63,-61,-29]} 1. d4 d6 2. Nf3 g6 3. c4 Bg7 4. Nc3 Nf6 5. e4 O-O 6. h3 Na6 7. Bg5 Qe8 8. Be2 e5 9. d5 Nh5 10. g3 {[%cal Bg2g3,Bg3g4][%mdl 32] Prevents Nf4. E90: King's Indian: Classical: Early deviations and 6 h3.} f5 $1 11. exf5 gxf5 12. Nh4 {White is slightly better.} Nf6 13. Qc2 c6 {[#]} 14. Bxf6 $146 (14. g4 $14) ({Predecessor:} 14. a3 Nc5 15. Be3 Nce4 16. Nxe4 fxe4 17. Qd2 cxd5 18. cxd5 Qf7 19. Rd1 Kh8 20. g4 {1-0 (46) Gupta,A (2617)-Iniyan,P (2466) Dubai 2018}) 14... Rxf6 $11 15. g4 {[%cal Rh4f5]} e4 16. O-O-O Nc5 17. Kb1 Qe5 18. f3 e3 19. Ng2 {White wants to play f4.} f4 20. Ne1 Bd7 21. Nd3 Nxd3 22. Bxd3 h6 (22... Rh6 $5 {[%cal Rc6d5]}) 23. Qb3 (23. h4 $14) 23... Rb8 24. dxc6 Bxc6 25. Be4 {Bxc6 is the strong threat.} Rc8 (25... Rff8 $11) 26. Rd3 (26. Bd5+ $14 Kh8 27. Rh2) 26... Kh8 27. Rhd1 Qa5 {And now ...Bxe4 would win.} 28. Qc2 Re8 29. Nd5 (29. Rxd6 $2 Rxd6 30. Rxd6 Bxe4 31. Nxe4 Rxe4 32. Qxe4 (32. fxe4 $2 f3 $19) 32... Qe1+ 33. Kc2 Qe2+ 34. Kc1 Qxb2+ 35. Kd1 Qa1+ 36. Kc2 Qxa2+ 37. Kd1 e2+ 38. Qxe2 Qb1+ 39. Kd2 Qb4+ 40. Kc2 Qxd6 $19) (29. Bd5 $11) 29... Rff8 $15 30. Ra3 {Prevents Ba4.} Qd8 (30... Qc5 $2 31. b4 Bxd5 32. bxc5 $18) 31. Qe2 {[#]} (31. Rxa7 Qh4 32. Nc3 Rxe4 33. Nxe4 Qxh3 $19) (31. Bg6 $15 Re5 32. Qe2 (32. Rxa7 e2 $15)) 31... a6 (31... Rxe4 $1 $17 {[%mdl 512]} 32. fxe4 Qe8) 32. Bc2 {Strongly threatening Qd3.} (32. Bf5 $5 {[%cal Rd5f4]}) 32... Qd7 33. Nb4 ({But not} 33. Qd3 Be5 34. Qg6 Re6 $17) 33... Be5 34. h4 Qg7 35. Nxc6 bxc6 36. Be4 ({White should try} 36. b3 $1 $11) 36... Rb8 {[%cal Rb8b2]} 37. b3 Qb7 {Weighted Error Value: White=0.22 (precise) /Black=0.15 (very precise)} (37... Qe7 $5 {[%cal Rd6d5]} 38. Bc2 (38. Rxa6 Bg7 $19) 38... Ra8 $15) 1/2-1/2

[Event "Marienbad GM-II 2022"]
[Site "Marianske Lazne"]
[Date "2022.01.16"]
[Round "2.7"]
[White "Malinovsky, Karel"]
[Black "Stefansson, Hannes"]
[Result "1-0"]
[WhiteElo "2471"]
[BlackElo "2518"]
[Annotator "TA"]
[PlyCount "157"]
[EventDate "2022.01.15"]
[EventType "tourn"]
[EventCountry "CZE"]
[SourceTitle "playchess.com"]
[Source "ChessBase"]
[SourceQuality "1"]

{[%evp 31,157,2,11,0,0,4,5,0,3,1,12,6,12,11,11,0,0,0,0,0,0,0,0,0,0,-4,0,0,0,0,0,0,78,85,98,58,70,16,16,8,15,8,95,50,66,22,50,50,78,45,45,20,18,13,14,8,8,1,1,1,17,17,407,17,346,8,8,8,8,8,29,29,29,29,29,29,29,0,29,0,8,0,29,29,59,86,87,87,87,8,8,8,8,8,8,8,8,8,8,8,8,0,8,8,8,8,8,8,8,8,8,8,8,8,8,0,13,8,29969,29974,29968,29975,29973,29976,29974,29977,29980,0]} 1. e4 e5 2. Nf3 Nc6 3. Bb5 {[%cal Bf1b5,Bb5a4,Ba4b3,Bb3c4][%mdl 32]} a6 4. Ba4 Nf6 5. O-O Nxe4 6. d4 b5 7. Bb3 d5 8. dxe5 Be6 9. Qe2 Be7 10. Rd1 O-O 11. c4 bxc4 12. Bxc4 Bc5 13. Be3 Bxe3 14. Qxe3 Qb8 15. Bb3 Na5 16. Nbd2 Qa7 17. Nxe4 {C81: Open Ruy Lopez: Keres Variation (9 Qe2).} Qxe3 18. fxe3 Nxb3 19. axb3 {The position is equal.} dxe4 20. Nd4 c5 21. Nc6 {[#]} h6 $146 ({Predecessor:} 21... Rfe8 22. Ra5 Bxb3 23. Rd6 h6 24. h4 h5 25. Kh2 Kf8 26. Kg3 Rec8 27. Rxc5 Ba4 {½-½ (88) Giri,A (2782)-Mamedyarov,S (2801) Chess.com INT 2018}) 22. Ra5 Bxb3 23. Rd6 c4 24. Kf2 Rfe8 25. Ke2 c3 $1 26. bxc3 Bc4+ 27. Kd2 Bb5 28. Nd4 Rab8 29. Nxb5 axb5 $11 {[%mdl 4096] Endgame KRR-KRR} 30. Rd5 b4 31. c4 b3 (31... Rec8 $1 $11) 32. Rab5 $16 Ra8 33. Kc3 Ra2 34. Rd2 (34. Rxb3 $14 Rxg2 35. Rb2 Rxb2 36. Kxb2) 34... Kf8 $11 35. Rxb3 Rxd2 36. Kxd2 Rxe5 {KR-KR} (36... Rd8+ $11 {keeps the balance.} 37. Kc3 Ke7) 37. Kc3 ({White should try} 37. Rb5 $16 Rxb5 38. cxb5) 37... Ra5 $14 38. Rb2 (38. h4 $14) 38... Ke7 39. Kd4 Ra4 40. Kd5 f5 41. c5 (41. Ke5 $5 {[%cal Rb2b7]}) 41... Ra3 $1 42. Rb7+ Kd8 43. Rxg7 {Threatens to win with Ke5.} Rxe3 44. Rg8+ Kc7 45. Ke5 ({Much less strong is} 45. Rg7+ Kd8 $14) 45... Rc3 46. Kxf5 Rxc5+ $2 {[%mdl 8192]} (46... e3 $11 47. Kf4 Kd7 48. Rg7+ (48. Kf3 Rxc5 49. Rg7+ Ke8 $14) 48... Ke8) 47. Kxe4 $18 {And now Rg6 would win.} Kd7 $2 {[%mdl 8192]} (47... Rh5 $1 $11 {and Black has nothing to worry.}) 48. Rf8 $2 ({Better is} 48. g3 $18 {Hoping for Rg6.} Ke7 49. Rg6) 48... Ke6 $11 49. h3 Ra5 50. Kf4 Ra2 {( -> ...Rf2+)} 51. Kg3 {To avoid Rf2. aiming for Rh8.} Ke7 52. Rf5 Rb2 53. Kf3 Ra2 54. g3 Ra4 55. Kg2 Ra2+ 56. Kf3 Ra4 57. Rf4 Ra3+ 58. Kg4 Rb3 {[#]} 59. Rf5 $1 Ra3 60. Rf3 (60. h4 $16) 60... Rxf3 61. Kxf3 {KPP-KP} Kf7 $1 62. Ke3 Ke7 $1 63. Kd4 Kd6 64. Ke4 {White wants to mate with Kf5.} Ke6 $1 65. Kf4 Kf6 $1 66. Kf3 {Threatening mate with Kf4.} Kf5 67. Kg2 Kg6 68. Kg1 Kg7 69. Kh1 Kf7 70. Kh2 Kg7 71. Kg1 Kg6 72. Kg2 Kg7 73. Kf3 {White threatens Ke4 and mate.} Kf7 $1 74. g4 {h4 would kill now.} Kg6 $2 {[%mdl 8192] [#]} (74... Kf6 $11) 75. Kf4 {White mates.} Kf6 76. h4 Ke6 77. Ke4 Kf6 78. Kd5 Kf7 79. Ke4 $2 {[%mdl 32768] Weighted Error Value: White=0.27 (precise) /Black=0.31. Sensor Board Error (Ke4/e5)?} (79. Ke5 {mates} Ke7 80. Kf5 Kf7 81. h5 Kg7 82. Ke6 Kh8 83. Kf6 Kh7 84. Kf7) 1-0

[Event "Marienbad GM-II 2022"]
[Site "Marianske Lazne"]
[Date "2022.01.16"]
[Round "2.8"]
[White "Braeuer, Franz"]
[Black "Sorm, Daniel"]
[Result "1/2-1/2"]
[WhiteElo "2435"]
[BlackElo "2348"]
[Annotator "TA"]
[PlyCount "119"]
[EventDate "2022.01.15"]
[EventType "tourn"]
[EventCountry "CZE"]
[SourceTitle "playchess.com"]
[Source "ChessBase"]
[SourceQuality "1"]

{[%evp 14,119,52,27,45,44,50,43,67,41,58,59,64,38,42,34,57,36,49,25,28,24,32,22,35,27,29,28,34,30,35,37,39,12,37,30,68,55,75,44,37,37,100,91,91,57,58,58,62,56,66,60,79,74,79,54,54,27,22,28,21,24,32,31,44,11,36,11,11,0,30,11,11,0,0,0,25,0,0,0,0,0,0,0,0,0,0,0,0,0,0,0,0,0,0,0,0,0,0,0,0,0,0,0,0,0,0,0]} 1. e4 e5 2. Nf3 Nc6 3. Bb5 a6 4. Ba4 Nf6 5. Nc3 d6 6. Bxc6+ bxc6 7. d4 exd4 8. Nxd4 Bd7 {C77: Ruy Lopez: 3...a6 4 Ba4 Nf6, unusual lines.} 9. Qf3 c5 10. Nf5 Bxf5 {White is slightly better.} 11. Qxf5 {[#]} (11. exf5 $5 {[%cal Rf3c6]} Rb8 12. Qc6+ Qd7 13. Qxa6 $14) 11... Qd7 $146 ({Predecessor:} 11... Be7 12. b3 Nd7 13. Bb2 Bf6 14. O-O O-O 15. Rad1 Nb6 16. f4 Bd4+ 17. Kh1 Qc8 {1-0 (38) Littlewood,J (2380)-Hawksworth,J Southport/ Merseyside 1983}) 12. Qf4 Qg4 13. O-O Qxf4 14. Bxf4 Nd7 15. Rfe1 O-O-O 16. Rad1 g6 17. e5 dxe5 18. Bxe5 Nxe5 19. Rxd8+ ({Much weaker is} 19. Rxe5 Bg7 20. Red5 (20. Rxc5 $2 Bxc3 21. Rb1 Bxb2 $19) 20... Rxd5 21. Rxd5 Bxc3 22. bxc3 Re8 $15) 19... Kxd8 20. Rxe5 $11 {[%mdl 4096] Endgame KRB-KRN} Bd6 21. Re4 Kd7 22. b3 f5 23. Rc4 Re8 {[%cal Re8e1] [#]} 24. Kf1 {Prevents Re1+.} g5 (24... Bxh2 $2 25. g3 $18) 25. h3 h6 26. Na4 Kc6 27. Nb2 Kd5 {[#]} ({Black should play} 27... Re4 $14) 28. Ra4 $1 $16 Ra8 29. Nd3 Kc6 30. g4 fxg4 31. hxg4 Kb6 32. Re4 h5 33. gxh5 Rh8 34. Re6 {Strongly threatening h6.} Rxh5 35. Rg6 Rh1+ 36. Ke2 Rg1 37. Ne5 Kb5 38. Nc4 Kc6 39. a4 Kd5 40. Kd3 Rd1+ 41. Ke2 Rg1 42. Nd2 g4 {To avoid Nf3} 43. Nf1 Kd4 44. Ne3 Kc3 45. Re6 g3 {The position is equal.} 46. Re4 gxf2 ({Don't do} 46... g2 47. Rg4 $16) 47. Rc4+ Kb2 48. Kxf2 Rh1 49. Ke2 Rh2+ 50. Kd3 Kc1 51. Rg4 Rd2+ 52. Kc4 Kb2 53. Re4 Bf8 54. c3 Bg7 55. Rg4 Bxc3 {Threatens to win with ...Bd4.} 56. Rg2 Rxg2 57. Nxg2 Ba5 58. Nf4 {Hoping for Nd3+.} Bb6 59. a5 Bxa5 60. Nd3+ {Weighted Error Value: White=0.08 (flawless) /Black=0.06 (flawless)} 1/2-1/2

[Event "Marienbad GM-II 2022"]
[Site "Marianske Lazne"]
[Date "2022.01.16"]
[Round "2.9"]
[White "Kusa, Jakub"]
[Black "Ghazarian, Kirk"]
[Result "1/2-1/2"]
[WhiteElo "2312"]
[BlackElo "2346"]
[Annotator "TA"]
[PlyCount "194"]
[EventDate "2022.01.15"]
[EventType "tourn"]
[EventCountry "CZE"]
[SourceTitle "playchess.com"]
[Source "ChessBase"]
[SourceQuality "1"]

{[%evp 13,194,46,43,6,10,16,6,0,22,0,0,0,4,0,16,9,12,-24,-10,-46,-46,-46,-47,-40,-31,-50,-51,-74,-27,-83,-29,-41,0,0,0,-35,14,13,13,17,34,29,47,68,81,52,45,50,89,81,85,44,35,39,49,58,122,130,134,123,127,122,131,130,108,99,120,99,148,77,80,8,154,129,172,176,366,366,362,352,354,263,354,39,97,89,92,80,80,80,147,151,168,168,168,8,8,8,8,8,594,438,375,476,384,347,29955,29957,29955,29959,29957,29961,29960,29958,29951,29952,29966,29968,29970,29960,29952,29956,29952,29957,29967,8,8,8,8,8,8,8,8,8,8,8,8,8,8,8,8,8,8,8,8,8,8,8,8,8,8,8,8,8,8,8,8,8,8,8,8,8,8,8,8,0,8,0,8,8,8,8,8,8,8,8,8,8,8,8,8,8,8]} 1. d4 {Kapnisis,Spyridon} Nf6 2. Nf3 d5 3. c4 e6 4. g3 dxc4 5. Bg2 a6 6. O-O Nc6 7. e3 Rb8 8. Qe2 {E04: Open Catalan: 5 Nf3.} b5 9. b3 cxb3 10. axb3 Bd6 11. Bd2 {[%mdl 1024] White has compensation.} O-O 12. Rc1 Bb7 13. Ne1 Qd7 14. Nd3 Rfe8 {[#]} 15. Ra2 $146 ({Predecessor:} 15. f4 Nd5 16. Nc3 Ndb4 17. Ne4 Nxd3 18. Qxd3 h6 19. Nc5 Bxc5 20. Rxc5 Nd8 21. e4 {½-½ (35) Pashikian,A (2606)-Sargsyan,S (2596) Yerevan 2021 CBM 201 Extra [Kapnisis,Spyridon]}) 15... e5 $1 16. Rac2 {[%cal Rg2c6]} e4 17. Nc5 Bxc5 18. Rxc5 Rbc8 19. Qf1 Qd6 20. Nc3 Ne7 (20... Nd8 $17) 21. Na2 (21. h4 $11 {keeps the balance.}) 21... Ned5 (21... Nd7 $1 $17 {Strongly threatening ...Bd5.} 22. R5c2 Nd5) 22. Bh3 Rcd8 (22... Nd7 $15) 23. Ba5 Bc8 24. b4 Bxh3 (24... Be6 $15 {should be considered.}) 25. Qxh3 $11 Qe6 26. Qxe6 Rxe6 27. Bxc7 Nxc7 28. Rxc7 g6 29. Rc8 (29. Nc3 {feels hotter.} Ne8 30. Rc5 f5 31. Nd5 Red6 32. Nc7) 29... Rxc8 30. Rxc8+ $14 {[%mdl 4096] Endgame KRN-KRN} Kg7 31. Nc3 h5 32. d5 (32. Kf1 $16) 32... Re7 33. d6 Rd7 34. Rc6 Ne8 (34... Ra7 $14) 35. Nxe4 $16 f5 36. Nc5 {White is more active.} Rxd6 37. Rxa6 Rxa6 38. Nxa6 {KN-KN} Kf6 39. Kf1 Ke5 40. Ke2 $1 g5 (40... Kd6 $142) 41. Kd3 (41. f3 $142 $1) 41... g4 42. Nb8 (42. Nc5 $16) 42... Nd6 (42... Kd5 $11) 43. Nc6+ Kd5 44. Nd4 Ke5 $2 (44... Ne4 45. Nxb5 (45. Nxf5 Nxf2+ 46. Kc3 Ne4+ 47. Kb3 Nd2+ 48. Kc2 Nf1 $11) 45... Nxf2+ 46. Ke2 Ne4) 45. f4+ gxf3 46. Nxf3+ Kd5 47. Nh4 {[%cal Oh4f5] Threatens to win with Nxf5!} Ke5 48. Ng2 $2 (48. Ng6+ $1 $18 Kf6 49. Nf4) 48... Ne4 (48... Nc4 $14) 49. Nf4 Nf6 50. Ng6+ $1 Kd5 51. Nh4 Ng4 ({Black should play} 51... Ke5) 52. Nxf5 {aiming for Nd4.} Ne5+ 53. Kc3 {Hoping for Ng7.} Ke4 54. Ng7 ({Better is} 54. Nd4 $18) 54... Ng4 $1 $11 55. Nxh5 Nxh2 56. Nf6+ Ke5 $2 {[%mdl 8192]} (56... Kxe3 $11 57. Nd5+ Ke4) 57. Ne8 $18 Nf1 58. Kd3 $1 {g4 is the strong threat.} ({Less strong is} 58. Nc7 Nxe3 59. Nxb5 Nf5 $14) 58... Nxg3 59. Nc7 Nf5 $2 (59... Nh1 $18 60. Nxb5 Nf2+ 61. Ke2 Ne4) 60. Nxb5 Ne7 61. Nc3 Nc6 62. Kc4 Kd6 63. b5 Ne5+ 64. Kb4 Nd7 65. Ka5 Kc5 66. Ne4+ Kd5 67. Nd2 Kc5 68. e4 Nf6 69. b6 $2 (69. e5 {mates} Ng8 70. Ne4+ Kd4 {[#]} 71. b6 $1 Kxe5 72. b7 $1 Kxe4 73. b8=Q Nf6 74. Kb5) 69... Nd7 $11 {The position is equal.} 70. Nb3+ Kc6 71. Nd4+ (71. b7 $5 Kxb7 72. Nd4 $11) 71... Kb7 72. Kb5 Nxb6 73. Kc5 Nc8 74. Nb5 Ne7 75. Kd6 Ng6 76. Nd4 Kc8 77. Nc6 {White threatens Ne7+ and mate.} Nh4 78. e5 Nf5+ 79. Ke6 Ng3 80. Ke7 Kc7 81. Nd4 Ne4 82. Kf7 (82. e6 $5 {[%cal Re7f8]} Nc5 83. Kf8 (83. Nb5+ Kb6 $11) 83... Nxe6+ 84. Nxe6+ $11) 82... Ng5+ 83. Kf6 Ne4+ 84. Ke7 Kc8 85. Nb5 {Intending Nd6+ and mate.} Ng5 86. Nd6+ Kc7 87. Kf6 Nh7+ 88. Kg7 Ng5 89. Kf6 Nh7+ 90. Ke7 {Ne4 would kill now.} Ng5 {Inhibits Ne4.} 91. Ne8+ Kc6 92. Kf6 Ne4+ 93. Kf5 Nc5 94. Nf6 Kc7 95. Kg6 Nd3 96. Nd5+ Kd7 97. Kf6 Nxe5 {White really could win this.  Weighted Error Value: White=0.31/Black=0.45} 1/2-1/2